000 00353nam a2200145Ia 4500
008 191201s2011 xx 000 0 und d
082 _a526.9
_bPUS
100 _aPUNMIA, BC
245 0 _aSurveying Vol-III Higher Surveying
250 _aRep
260 _aN. Delhi
_bLaxmi Publications
_c2011
300 _a274
650 _aB.Tech(CE)
942 _2ddc
_cBK
999 _c5394
_d5394